000 00740 a2200193 4500
003 Nust
005 20230125181250.0
040 _cNust
082 _a824,BUR
100 _aEdmund Burke
_9107685
245 _aRelfection on the french revolution and other Essays /
_cEdmund Burke
250 _a1st ed
260 _aJ.M. Dent & Sons Ltd
_bNew York
_c1935
300 _axv,361 ,p.;
_b18 cm
505 _aReflection on the Revolution in France (Page-1), A Letter from Mr. Burke to a Member of the National Assembly (Page-245), Thoughts on French Affairs (Page-285), Notes to Reflections on the Revolution in France (Page-331).
600 _aEdmund Burke
_9107685
650 _aRelfection on the french revolution
_9107686
942 _2ddc
_cBK
999 _c186098
_d186098